| 000 | 01009nam a2200265Ia 4500 | ||
|---|---|---|---|
| 003 | OSt | ||
| 005 | 20221005111238.0 | ||
| 006 | a|||||r|||| 00| 0 | ||
| 007 | ta | ||
| 008 | 221004b |||||||| |||| 00| 0 hin d | ||
| 020 |
_a8170555558 (hbk) _c190 |
||
| 024 | _a17463 | ||
| 037 |
_b519, 21/03/2015, Vani Prakashan _cTextual |
||
| 040 |
_aCRL _cCRL _bhin |
||
| 041 |
_2hin _ahin |
||
| 082 | _aO168,1N387x, 152N9 | ||
| 100 | _aनिदा फ़ाज़ली, संपा. | ||
| 245 | 0 |
_aदाग़ देहलवी _b ग़ज़ल का एक स्कूल |
|
| 246 | _aDāग़ dehalavī: ग़ज़l kā ek skūla | ||
| 260 |
_aनई दिल्ली _bवाणी प्रकाशन भारत _c1999 |
||
| 300 |
_a98पृ0 _ccm. |
||
| 650 | _aहिन्दी साहित्य | ||
| 942 |
_hO168,1N387x, 152N9 _cTEXL _2cc |
||
| 999 |
_c1021253 _d1021253 |
||